000 00364nam a2200157Ia 4500
003 Ost
005 20260225132552.0
008 260225s9999||||xx |||||||||||||| ||und||
040 _cfsic
041 _afre
082 _a440
100 _aJ.L.Cavarero
_eAuteur
245 0 _aLa conception des systemes d'information /
245 0 _cJ.L.Cavarero
942 _cكتاب
999 _c34223
_d34223